A Nemzeti Útdíjfizetési Szolgáltató Zrt. társadalmi felelősségvállalásának bemutatása, avagy hogyan járul hozzá a vállalat CSR tevékenysége a közlekedési morál javításához

Bibliográfiai részletek
Szerző: Tass Dávid Tas
További közreműködők: Marczin Bence
Szondi Dr. György
Dokumentumtípus: Záródolgozat
Kulcsszavak:állami vállalat
CSR kampány
kommunikációs stratégia
közlekedési morál
társadalmi felelősségvállalás
Online Access:http://dolgozattar.uni-bge.hu/58732

MARC

LEADER 00000nta a2200000 i 4500
001 dolg58732
005 20251027142326.0
008 251027suuuu hu o 000 hun d
040 |a BGE Dolgozattár Repozitórium  |b hun 
041 |a hu 
100 1 |a Tass Dávid Tas 
245 1 2 |a A Nemzeti Útdíjfizetési Szolgáltató Zrt. társadalmi felelősségvállalásának bemutatása, avagy hogyan járul hozzá a vállalat CSR tevékenysége a közlekedési morál javításához  |c Tass Dávid Tas  |h [elektronikus dokumentum] 
516 |a Final_paper 
520 3 |a A dolgozat célja, hogy megvizsgálja, mennyire ismert és milyen hatékonysággal működik egy állami vállalat CSR tevékenysége, különösen a közlekedésbiztonság szempontjából. A kutatás arra keresi a választ, hogy egy közlekedési tevékenységhez kapcsolódó állami vállalat CSR kezdeményezése, hogyan formálhatja a közlekedési szokásokat, milyen konkrét intézkedésekkel járul hozzá a biztonságos közlekedéshez, és milyen szerepet játszik a kommunikáció ezek megismertetésében. A dolgozat először bemutatja a CSR fogalmát és annak hatását a közlekedési morálra, majd két kutatási módszert alkalmaz: egy online kérdőívet, amely a lakossági véleményeket vizsgálja, valamint szakértőkkel készített miniinterjúkat. Az eredmények rámutatnak arra, hogy az emberek eltérően értik és ismerik a vállalatok CSR törekvéseit ugyanakkor hatalmas társadalmi igény mutatkozik a vállalatok társadalmi felelősségvállalási tevékenységeire. A dolgozat kitér a NÚSZ Zrt. CSR stratégiájára, elemzi a #Közlekedjbiztonságosan kampányt, valamint bemutatja a vállalat kommunikációs stratégiáját a PESO modell segítségével. A kutatás konklúziója szerint egy jól kidolgozott és megfelelően kommunikált CSR program hozzájárulhat a közlekedési morál javításához, és hosszú távon növelheti a társadalmi tudatosságot. 
695 |a állami vállalat 
695 |a CSR kampány 
695 |a kommunikációs stratégia 
695 |a közlekedési morál 
695 |a társadalmi felelősségvállalás 
700 1 |a Marczin Bence  |e ths 
700 1 |a Szondi Dr. György  |e ths 
856 4 0 |u http://dolgozattar.uni-bge.hu/58732/1/A%20Nemzeti%20%C3%9Atd%C3%ADjfizet%C3%A9si%20Szolg%C3%A1ltat%C3%B3%20Zrt.%20t%C3%A1rsadalmi%20felel%C5%91ss%C3%A9gv%C3%A1llal%C3%A1s%C3%A1nak%20bemutat%C3%A1sa%2C%20avagy%20hogyan%20j%C3%A1rul%20hozz%C3%A1%20a%20v%C3%A1llalat%20CSR%20tev%C3%A9kenys%C3%A9ge%20a%20k%C3%B6zleked%C3%A9si%20mor%C3%A1l%20jav%C3%ADt%C3%A1s%C3%A1hoz_Tass%20D%C3%A1vid%20Tas_Szakdolgozat_BJBT5A%20%281%29.pdf  |z Dokumentum-elérés 
856 4 0 |u http://dolgozattar.uni-bge.hu/58732/2/tdt-csr_kulso_konz_ert_marczin_2025-05-09_20250509105844.pdf  |z Dokumentum-elérés 
856 4 0 |u http://dolgozattar.uni-bge.hu/58732/3/TassD_%20b%C3%ADr%C3%A1lat.pdf  |z Dokumentum-elérés